=LDR 00000nam 2200000 4500 =001 INLIS000000000019359 =005 20130612114428 =008 ***********************************Ind** =035 ##$$0010-061300000019359 =041 ##$$a Ind =082 ##$$a 92(Kayam, Umar) =090 ##$$a 92(Kayam, Umar), Rah u =100 ##$$a Rahmanto, B =245 ##$$a Umar kayam, karya dan dunianya, B. Rahmanto =260 ##$$a 2004 $b Jakarta =300 ##$$a x, 177 hlm, 21 cm =650 ##$$a Biografi Umar Kayam =850 ##$$a NBPNMAT